书目信息 |
| 题名: |
城市生态学经典案例和实验指导
|
|
| 作者: | 杨小波 主编 | |
| 分册: | ||
| 出版信息: | 北京 科学出版社 2008.05 |
|
| 页数: | 221页 | |
| 开本: | 26cm | |
| 丛书名: | ||
| 单 册: | ||
| 中图分类: | X21 | |
| 科图分类: | ||
| 主题词: | 城市环境--环境生态学 , 城市环境 , 环境生态学 | |
| 电子资源: | ||
| ISBN: | 978-7-03-020400-4 | |
| 000 | 00942nam0 2200265 450 | |
| 001 | 010700053599 | |
| 005 | 20091202091737.32 | |
| 010 | @a978-7-03-020400-4@dCNY45.00 | |
| 100 | @a20080612d2008 em y0chiy0110 ea | |
| 101 | 0 | @achi |
| 102 | @aCN@b110000 | |
| 105 | @aak z 000yy | |
| 106 | @ar | |
| 200 | 1 | @a城市生态学经典案例和实验指导@9cheng shi sheng tai xue jing dian an li he shi yan zhi dao@f杨小波主编 |
| 210 | @a北京@c科学出版社@d2008.05 | |
| 215 | @a221页@c图@d26cm | |
| 300 | @a2007年度国家精品课程城市生态学的辅助教材 | |
| 330 | @a本书包括实验指导和案例分析两部分,实验指导主要内容有城市生态系统、城市人口、城市环境等,案例分析主要内容有城市人口、城市环境、城市灾害及防治、城市景观、城市环境质量评价等。 | |
| 606 | 0 | @a城市环境@x环境生态学 |
| 606 | 0 | @a城市环境 |
| 606 | 0 | @a环境生态学 |
| 690 | @aX21@v4 | |
| 701 | 0 | @a杨小波@9yang xiao bo@4主编 |
| 801 | 0 | @aCN@bRENTIAN@c20091202 |
| 905 | @b794226-30@dX21@e145@f5 | |
| 城市生态学经典案例和实验指导/杨小波主编.-北京:科学出版社,2008.05 |
| 221页:图;26cm |
| 2007年度国家精品课程城市生态学的辅助教材 |
| ISBN 978-7-03-020400-4:CNY45.00 |
| 本书包括实验指导和案例分析两部分,实验指导主要内容有城市生态系统、城市人口、城市环境等,案例分析主要内容有城市人口、城市环境、城市灾害及防治、城市景观、城市环境质量评价等。 |
| ● |
| 相关链接 |
|
|
|
|
正题名:城市生态学经典案例和实验指导
索取号:X21/145
 
预约/预借
| 序号 | 登录号 | 条形码 | 馆藏地/架位号 | 状态 | 备注 |
| 1 | 794226 | 207942262 | 第二样本阅览室/ [索取号:X21/145] | 在馆 | |
| 2 | 794227 | 207942271 | 第三借阅区/ [索取号:X21/145] | 在馆 | |
| 3 | 794228 | 207942280 | 第三借阅区/ [索取号:X21/145] | 在馆 | |
| 4 | 794229 | 207942299 | 第三借阅区/ [索取号:X21/145] | 在馆 | |
| 5 | 794230 | 207942306 | 密集书库-资源管理系/ [索取号:X21/145] | 在馆 |